00527cam a22001692 4500001001100000005001700011008004100028020001200069040001500081100003500096245008100131260002800212300001700240650004000257700003000297700003000327000000940520151217155839.0081020s xx 000 0 eng d cKES 300 aKABUcKABU1 aKiminyo, Daniel M.@000016082510aGeneral educational psychology /cD. M. Kiminyo, K. M. Munavi, W. T. Wamani. aNairobi :bERAP,c1992. aiii, 151 p. 0aEducational psychology.@00001535571 aMunavi, K. M.@00001611041 aWamani, W. T.@0000161105